000 00809nam a2200217Ia 4500
003 GCL
008 140319s9999 xx 000 0 eng d
040 _aGCL /
_cGCL
082 0 4 _a344.7304192
_bF S
100 1 _aFRIEDMAN, LEON
245 1 0 _aTHE SUPREME COURT CONFRONTS ABORTION :
_bTHE BRIEFS, ARGUMENT AND DECISION IN PLANNED PARENTHOOD CASE /
_cFRIEDMAN, LEON
250 _aFIRST
260 _aنيويورك :
_bFARRAR, STRAUS AND GIROUX ،
_c1993
300 _a23 CM ؛
_cVI,502 P.
650 0 4 _aPLANNED PARENTHOOD OF SOUTHEASTERN PENNSYLVANIA - TRIALS, LITIGATION
650 0 4 _aCASEY, ROBERT - TRIALS
650 0 4 _aTRIALS ( ABORTION ) WASHINGTON ( D.C )
650 0 4 _aABORTION - LAW AND LEGISLATION - UNITED STATES
650 0 4 _aABORTION - LAW AND LEGISLATION - PENNSYLVANIA
942 _2ddc
_cBK
999 _c9175
_d9175